00563nam a2200181Ia 4500003000900000008004100009020001800050040001600068080001700084100001900101245014500120260003800265300001500303650001600318650001600334650001900350650001200369IN-BaIIA211028s9999 xx 000 0 eng d a0-471-62305-9 cIIA Library a51:5/62bKAH aKahn, Peter B. 0aMathematical methods for scientists and engineersblinear and nonlinear systemscPeter B. Kahn  aNew YorkbJohn Wiley & Sonsc1990 axix, 469p. aEngineering aMathematics aNASA thesaurus aScience